Schweyer Anne-Valérie, Les Lyciens et la mort, une étude d’histoire sociale (Varia Anatolica, XIV), Paris, De Boccard, 2002, 1 vol. 22,5 × 28, 318 p., 49 pl. h. t. (notice n° 1595735)
[ vue normale ]
| 000 -LEADER | |
|---|---|
| fixed length control field | 00611cam a2200145 4500500 |
| 005 - DATE AND TIME OF LATEST TRANSACTION | |
| control field | 20251228073711.0 |
| 041 ## - LANGUAGE CODE | |
| Language code of text/sound track or separate title | fre |
| 042 ## - AUTHENTICATION CODE | |
| Authentication code | dc |
| 100 10 - MAIN ENTRY--PERSONAL NAME | |
| Personal name | Le Dinahet, Marie-Thérèse |
| Relator term | author |
| 245 00 - TITLE STATEMENT | |
| Title | Schweyer Anne-Valérie, Les Lyciens et la mort, une étude d’histoire sociale (Varia Anatolica, XIV), Paris, De Boccard, 2002, 1 vol. 22,5 × 28, 318 p., 49 pl. h. t. |
| 260 ## - PUBLICATION, DISTRIBUTION, ETC. | |
| Date of publication, distribution, etc. | 2005.<br/> |
| 500 ## - GENERAL NOTE | |
| General note | 9 |
| 786 0# - DATA SOURCE ENTRY | |
| Note | Revue archéologique | 40 | 2 | 2005-09-01 | p. 365zg-437zg | 0035-0737 |
| 856 41 - ELECTRONIC LOCATION AND ACCESS | |
| Uniform Resource Identifier | <a href="https://shs.cairn.info/revue-archeologique-2005-2-page-365zg?lang=fr&redirect-ssocas=7080">https://shs.cairn.info/revue-archeologique-2005-2-page-365zg?lang=fr&redirect-ssocas=7080</a> |
Pas d'exemplaire disponible.




Réseaux sociaux